[Event "AUTO-INT-2397"]
[Site "http://www.queenalice.com/game.php?id=1089431"]
[Date "2012.8.1"]
[Round "1"]
[White "valdemiza"]
[Black "marcomasao"]
[Result "0-1"]
[WhiteElo "1486"]
[BlackElo "1689"]

1. e4 e5 2. Bc4 Bc5 3. Nf3 Nc6 4. Ng5 Qxg5 5. Qf3 Qf6 6. O-O Nh6 7. d3 a6 8.
Bxh6 Qxf3 9. Bxg7 Bxf2+ 10. Rxf2 Qd1+ 11. Rf1 Qxc2 12. Bxf7+ Ke7 13. Na3 Qxb2
14. Nc4 Qd4+ 15. Kh1 b5 16. Bxh8 bxc4 17. Bg8 Bb7 18. Rf7+ Kd6 19. Rf6+ Kc5 20.
Rc1 Qxd3 21. Bxc4 Qxe4 22. Bd3+ Kd4 23. Bxe4 Kxe4 24. Re1+ Kd5 25. Rd1+ Kc5 26.
Rxd7 Rxh8 27. Rxc7 Kb6 28. Rff7 Nd8 29. Rfe7 e4 30. Rc2 Rf8 31. h4 Rh8 32. Rb2+
Ka7 33. Re2 h5 34. a4 Kb6 35. Rb2+ Ka7 36. Rd7 Re8 37. Rh7 e3 38. Rxh5 e2 39.
Rb1 e1=Q+ 40. Rxe1 Rxe1+ 41. Kh2 Re2 42. Rh8 Rxg2+ 43. Kh3 Ne6 44. a5 Nf4# 0-1

[Event "AUTO-INT-2397"]
[Site "http://www.queenalice.com/game.php?id=1089438"]
[Date "2012.8.1"]
[Round "1"]
[White "rovardo"]
[Black "valdemiza"]
[Result "1-0"]
[WhiteElo "1602"]
[BlackElo "1504"]

1. e4 d6 2. Nf3 Nf6 3. Bb5+ c6 4. Ba4 g6 5. O-O Nxe4 6. d3 Bf5 7. dxe4 Bxe4 8.
Qd4 Rg8 9. Qxe4 Bg7 10. Nc3 Qc7 11. Re1 Bf6 12. Bg5 d5 13. Qb4 Na6 14. Qh4 Qb6
15. Bxf6 e6 16. Nxd5 Kf8 17. Nxb6 axb6 18. Qxh7 b5 19. Ne5 bxa4 20. Qxf7# 1-0

[Event "AUTO-INT-2397"]
[Site "http://www.queenalice.com/game.php?id=1089439"]
[Date "2012.8.1"]
[Round "1"]
[White "valdemiza"]
[Black "rovardo"]
[Result "0-1"]
[WhiteElo "1494"]
[BlackElo "1839"]

1. e4 e5 2. Bc4 Bc5 3. Qf3 f6 4. Nh3 d6 5. O-O Nh6 6. d3 Bg4 7. Qg3 Nc6 8. c3
Qd7 9. Qh4 Bxh3 10. Qh5+ Nf7 11. Bxf7+ Qxf7 12. Qxh3 O-O 13. Nd2 Rad8 14. Nf3 d5
15. d4 exd4 16. Qxh7+ Kxh7 17. cxd4 Nxd4 18. e5 Nxf3+ 19. gxf3 Qg6+ 20. Kh1 fxe5
21. Rg1 Qc2 22. Bg5 Rd7 23. Rac1 Qxf2 24. Rcf1 Qxb2 25. Rg2 Qa3 26. Re1 Qxf3 27.
Rg1 Bxg1 28. Kxg1 Qf1# 0-1

[Event "AUTO-OPEN-2756"]
[Site "http://www.queenalice.com/game.php?id=1089546"]
[Date "2012.8.2"]
[Round "1"]
[White "valdemiza"]
[Black "Burkina_Fasso"]
[Result "0-1"]
[WhiteElo "1479"]
[BlackElo "2148"]

1. e4 Nf6 2. Nc3 e5 3. Bc4 Nc6 4. Nd5 Nxe4 5. Qf3 Nf6 6. Nxf6+ Qxf6 7. d3 Nd4 8.
Qd1 b5 9. Bd5 c6 10. Be4 d5 11. Bf3 Bc5 12. c3 Nf5 13. Nh3 Nh4 14. Bg5 Nxf3+ 15.
gxf3 Qf5 16. Qe2 O-O 17. O-O-O Qxh3 18. Qxe5 f6 19. Bxf6 Rxf6 20. Qc7 Qxf3 21.
Rhg1 Qf4+ 0-1

[Event "AUTO-OPEN-2756"]
[Site "http://www.queenalice.com/game.php?id=1089547"]
[Date "2012.8.2"]
[Round "1"]
[White "Burkina_Fasso"]
[Black "valdemiza"]
[Result "1-0"]
[WhiteElo "2142"]
[BlackElo "1456"]

1. e4 d6 2. d4 Nf6 3. Nc3 g6 4. f4 Bg7 5. Nf3 O-O 6. Be2 c6 7. O-O Nbd7 8. e5
Ng4 9. h3 Nh6 10. g4 b6 11. Be3 Bb7 12. Qd2 Qc7 13. f5 dxe5 14. Bxh6 exd4 15.
Bxg7 Kxg7 16. Qxd4+ e5 17. fxe6+ Nf6 18. Ne4 Qf4 19. Nfg5 Qc7 20. Qxf6+ Kh6 21.
Nxf7+ Rxf7 22. g5# 1-0

[Event "AUTO-OPEN-2756"]
[Site "http://www.queenalice.com/game.php?id=1089548"]
[Date "2012.8.2"]
[Round "1"]
[White "valdemiza"]
[Black "Morysek"]
[Result "1-0"]
[WhiteElo "1461"]
[BlackElo "1615"]

1. e4 d6 2. Bc4 Nf6 3. c3 Nxe4 4. Nf3 g6 5. d3 Nf6 6. O-O Bg7 7. Ng5 O-O 8. Re1
c6 9. Nd2 e5 10. Nde4 d5 11. Bb3 1-0

[Event "AUTO-OPEN-2756"]
[Site "http://www.queenalice.com/game.php?id=1089549"]
[Date "2012.8.2"]
[Round "1"]
[White "Morysek"]
[Black "valdemiza"]
[Result "0-1"]
[WhiteElo "1593"]
[BlackElo "1483"]

1. f4 d6 2. Nf3 Nf6 3. e3 g6 4. b3 Bg7 5. Bb2 O-O 6. Be2 Ne4 7. Bxg7 Kxg7 8. O-O
e5 9. fxe5 Nc6 10. exd6 Qxd6 11. Bd3 Ng3 0-1

[Event "AUTO-OPEN-2756"]
[Site "http://www.queenalice.com/game.php?id=1089550"]
[Date "2012.8.2"]
[Round "1"]
[White "valdemiza"]
[Black "Andrez"]
[Result "0-1"]
[WhiteElo "1504"]
[BlackElo "2030"]

1. e4 e5 2. Nc3 Nc6 3. Bc4 Nf6 4. d3 Be7 5. Nf3 O-O 6. O-O d6 7. Nh4 Nxe4 8. Nf3
Nxc3 9. bxc3 Na5 10. Bd5 c6 11. Bb3 Nxb3 12. cxb3 f5 13. d4 e4 14. Nd2 d5 15. c4
b6 16. Qh5 g6 17. Qh6 Bg5 18. Qh3 f4 19. Qc3 Ba6 20. c5 Bxf1 21. Kxf1 Qc8 22. a4
f3 23. gxf3 Bxd2 24. Qxd2 Qh3+ 25. Ke2 Qxf3+ 26. Kf1 Qh1+ 27. Ke2 Qxh2 28. Qe3
Rf3 29. Qg5 Qxf2+ 30. Kd1 Qxd4+ 31. Bd2 Qxa1+ 32. Ke2 Qf1# 0-1

[Event "AUTO-OPEN-2756"]
[Site "http://www.queenalice.com/game.php?id=1089551"]
[Date "2012.8.2"]
[Round "1"]
[White "Andrez"]
[Black "valdemiza"]
[Result "1-0"]
[WhiteElo "2011"]
[BlackElo "1513"]

1. f4 d6 2. Nf3 Nf6 3. e3 Bg4 4. Be2 g6 5. b3 Bg7 6. Bb2 O-O 7. a4 c6 8. O-O Qb6
9. Na3 Ne4 10. Bxg7 Kxg7 11. Nc4 Qc5 12. Qe1 Na6 13. c3 b5 14. axb5 Qxb5 15.
Nxd6 Qd5 16. Nxe4 Qxe4 17. Rxa6 Rfb8 18. b4 Rb7 19. Qh4 h5 20. h3 f6 21. hxg4
Rc7 22. gxh5 Rh8 23. Nd4 Rxh5 24. Bxh5 gxh5 25. Qxh5 Rc8 26. Qg4+ Kf7 27. Qxc8
Qd5 28. Rxc6 a5 29. Qh8 Qd7 30. Qh7+ Kf8 31. Ne6+ Ke8 32. Qg8# 1-0

[Event "AUTO-OPEN-2761"]
[Site "http://www.queenalice.com/game.php?id=1091542"]
[Date "2012.8.9"]
[Round "1"]
[White "hba111"]
[Black "valdemiza"]
[Result "1-0"]
[WhiteElo "2119"]
[BlackElo "1502"]

1. Nf3 d6 2. e4 Nc6 3. d4 Nf6 4. d5 Nb4 5. a3 g6 6. axb4 Bg7 7. Nc3 O-O 8. Bb5
c6 9. dxc6 bxc6 10. Bxc6 Rb8 11. b5 Bg4 12. Rxa7 Qb6 13. Rxe7 Qd8 14. Ra7 Qe7
15. Rxe7 Nh5 16. Bg5 h6 17. Be3 Bf6 18. Ra7 Kg7 19. Qd2 Be6 20. Bxh6+ Kg8 21.
Bxf8 Rxf8 22. b6 Rc8 23. b7 Rb8 24. Ra8 Rxa8 25. bxa8=Q+ Kg7 26. Qxd6 Bg4 27.
Qdf8+ Kh7 28. Ng5+ Bxg5 29. Qh8# 1-0

[Event "AUTO-OPEN-2761"]
[Site "http://www.queenalice.com/game.php?id=1091543"]
[Date "2012.8.9"]
[Round "1"]
[White "valdemiza"]
[Black "hba111"]
[Result "0-1"]
[WhiteElo "1506"]
[BlackElo "2127"]

1. e4 c5 2. Bc4 e6 3. Nc3 Nc6 4. d3 a6 5. Nf3 Be7 6. O-O b5 7. Bb3 d6 8. e5 dxe5
9. Re1 Bb7 10. a3 Qc7 11. a4 b4 12. Ne4 Nf6 13. Nfg5 Nd4 14. Nxf6+ gxf6 15. Nh3
Rg8 16. Qh5 Rxg2+ 17. Kf1 Rxh2 18. Qxh7 Nxb3 19. cxb3 O-O-O 20. Be3 Bg2+ 21. Kg1
Rxh3 22. Qxf7 Bf3 23. Qxe6+ Qd7 24. Qxa6+ Kb8 25. Qb6+ Qb7 26. Bxc5 Rh1# 0-1

[Event "AUTO-OPEN-2761"]
[Site "http://www.queenalice.com/game.php?id=1091568"]
[Date "2012.8.9"]
[Round "1"]
[White "valdemiza"]
[Black "CCapivara"]
[Result "0-1"]
[WhiteElo "1488"]
[BlackElo "2031"]

1. e4 e5 2. Bc4 Nf6 3. Nc3 Bc5 4. d3 d6 5. Nge2 O-O 6. O-O c6 7. Ng3 a5 8. a3
Na6 9. Nf5 Bxf5 10. exf5 d5 11. Qf3 dxc4 12. Qg3 cxd3 13. Qxe5 d2 14. Rd1 Bxf2+
15. Kh1 dxc1=Q 16. Raxc1 Qb6 17. Ne2 Bh4 18. b3 Ng4 19. Qd4 Qxd4 20. Nxd4 Nf2+
21. Kg1 Nxd1 22. Rxd1 Rad8 23. g3 Bf6 24. c3 c5 25. g4 cxd4 26. cxd4 Rxd4 27.
Re1 Rd2 28. Re4 Rc8 29. Kf1 h5 30. gxh5 Bh4 31. Rxh4 Rc1# 0-1

[Event "AUTO-OPEN-2761"]
[Site "http://www.queenalice.com/game.php?id=1091569"]
[Date "2012.8.9"]
[Round "1"]
[White "CCapivara"]
[Black "valdemiza"]
[Result "1-0"]
[WhiteElo "2032"]
[BlackElo "1495"]

1. e4 d6 2. d4 Nf6 3. f3 e6 4. c4 g6 5. Nc3 Bg7 6. Be3 O-O 7. Qd2 c6 8. O-O-O
Re8 9. g4 Qb6 10. h4 e5 11. dxe5 c5 12. h5 dxe5 13. hxg6 fxg6 14. Qh2 Na6 15.
Nd5 Qa5 16. Nxf6+ Kf7 17. Nxe8 Kxe8 18. Qxh7 Bf8 19. Qxg6+ Ke7 20. Bg5# 1-0

[Event "AUTO-OPEN-2761"]
[Site "http://www.queenalice.com/game.php?id=1091570"]
[Date "2012.8.9"]
[Round "1"]
[White "valdemiza"]
[Black "Clausimausi"]
[Result "0-1"]
[WhiteElo "1486"]
[BlackElo "1546"]

1. e4 e5 2. Bc4 Nf6 3. Nc3 Nxe4 4. Nxe4 d5 5. Bd3 dxe4 6. Bc4 Nc6 7. Qh5 g6 8.
Qe2 Bf5 9. d3 Nd4 10. Qd2 b5 11. Bb3 a5 12. a4 b4 13. c3 Nxb3 14. Qc2 Nxa1 15.
Qd1 exd3 16. Be3 Nc2+ 0-1

[Event "AUTO-OPEN-2761"]
[Site "http://www.queenalice.com/game.php?id=1091571"]
[Date "2012.8.9"]
[Round "1"]
[White "Clausimausi"]
[Black "valdemiza"]
[Result "1-0"]
[WhiteElo "1560"]
[BlackElo "1472"]

1. e4 d6 2. d4 Nf6 3. Nc3 g6 4. Nf3 Bg7 5. Bc4 O-O 6. O-O a6 7. Bg5 b5 8. Bd3
Nbd7 9. d5 Ng4 10. h3 Nge5 11. Nxe5 dxe5 12. Qd2 b4 13. Na4 Bb7 14. Qxb4 f6 15.
Be3 a5 16. Qxb7 1-0

[Event "AUTO-OPEN-2764"]
[Site "http://www.queenalice.com/game.php?id=1092810"]
[Date "2012.8.13"]
[Round "1"]
[White "Mannu"]
[Black "valdemiza"]
[Result "1-0"]
[WhiteElo "2077"]
[BlackElo "1460"]

1. c4 Nf6 2. g3 d6 3. Bg2 c6 4. e3 g6 5. Ne2 Bg7 6. O-O O-O 7. Nbc3 d5 8. cxd5
Na6 9. dxc6 bxc6 10. Bxc6 Rb8 11. Bg2 Bb7 12. Qa4 Ng4 13. Bxb7 Nc5 14. Qxg4 Rxb7
15. d4 f5 16. Qf3 Nd3 17. Ne4 fxe4 18. Qxe4 Nxb2 19. Bxb2 Rxb2 20. Nf4 Qa5 21.
Qxe7 Rxa2 22. Ne6 Rf7 23. Rxa2 Qxa2 24. Qc5 Qxe6 25. Ra1 Qf6 26. f4 Qe6 27. d5
1-0

[Event "AUTO-OPEN-2764"]
[Site "http://www.queenalice.com/game.php?id=1092811"]
[Date "2012.8.13"]
[Round "1"]
[White "valdemiza"]
[Black "Mannu"]
[Result "0-1"]
[WhiteElo "1458"]
[BlackElo "2079"]

1. e4 c5 2. Bc4 g6 3. Nf3 Bg7 4. O-O e6 5. c3 Ne7 6. d3 O-O 7. Qe2 Nbc6 8. e5 d6
9. Bg5 Nxe5 10. Nxe5 Bxe5 11. Bh6 Re8 12. Nd2 Nf5 13. Bb5 Bd7 14. d4 cxd4 15.
Bd3 Qh4 16. g3 Bxg3 17. fxg3 Nxg3 18. Qf3 Nxf1 19. Nxf1 Qxh6 20. Qxb7 Qg5+ 21.
Ng3 Qe3+ 22. Kg2 Qxd3 23. Qxd7 Qd2+ 24. Kh3 Qxb2 25. Rf1 f5 26. Qxd6 dxc3 27.
Re1 c2 28. Rxe6 c1=Q 0-1

[Event "AUTO-OPEN-2764"]
[Site "http://www.queenalice.com/game.php?id=1092840"]
[Date "2012.8.13"]
[Round "1"]
[White "thais23"]
[Black "valdemiza"]
[Result "1-0"]
[WhiteElo "1757"]
[BlackElo "1463"]

1. e4 d6 2. d4 Nf6 3. Nc3 g6 4. f4 Bg7 5. Bc4 O-O 6. e5 d5 7. exf6 exf6 8. Bxd5
c6 9. Bb3 f5 10. Nf3 Re8+ 11. Kf2 1-0

[Event "AUTO-OPEN-2764"]
[Site "http://www.queenalice.com/game.php?id=1092841"]
[Date "2012.8.13"]
[Round "1"]
[White "valdemiza"]
[Black "thais23"]
[Result "0-1"]
[WhiteElo "1463"]
[BlackElo "1747"]

1. e4 e6 2. Bc4 d5 3. exd5 exd5 4. Bb3 c5 5. Nf3 Bd7 6. O-O c4 7. Qe2+ Qe7 8.
Qd1 cxb3 9. Re1 Be6 10. cxb3 Nf6 11. Nc3 Nc6 12. Ng5 Qd7 13. Nxe6 fxe6 14. d4
Bb4 15. a3 Bxc3 16. bxc3 O-O 0-1